Rajonizácia cestovného ruchu v Slovenskej socialistickej republike Nitra, 5.-6. októbra 1982

Enregistré dans:
Détails bibliographiques
Format: Livre
Langue:slovaque
Publié: Banská Bystrica Dom techniky ČSVTS 1982
Tags: Ajouter un tag
Pas de tags, Soyez le premier à ajouter un tag!

MARC

LEADER 00000nam a2200000 4500
001 c128596
005 20041019155244.0
041 0 |a slo 
044 |a SK 
245 1 0 |a Rajonizácia cestovného ruchu v Slovenskej socialistickej republike  |b Nitra, 5.-6. októbra 1982 
264 1 |a Banská Bystrica  |b Dom techniky ČSVTS  |c 1982 
300 |a 23 s.